header

Nancy's Mysterious Letter (Record no. 261258)

MARC details
000 -LEADER
fixed length control field 00255nam a22001097a 4500
020 ## - INTERNATIONAL STANDARD BOOK NUMBER
ISBN 0448095084
100 ## - MAIN ENTRY--AUTHOR NAME
Personal name Carolyn Keene
245 ## - TITLE STATEMENT
Title Nancy's Mysterious Letter
260 ## - PUBLICATION, DISTRIBUTION, ETC. (IMPRINT)
Place of publication New York
Name of publisher Simon & Schuster
Year of publication 1968
300 ## - PHYSICAL DESCRIPTION
Number of Pages 174 pgs
942 ## - ADDED ENTRY ELEMENTS (KOHA)
Koha item type Long Loan Books
Holdings
Withdrawn status Lost status Collection code Home library Current library Shelving location Date acquired Accession Number Koha item type
    Fiction Rongo University Library Rongo University Library Children's Area 01/11/2023 CL20221883 Long Loan Books

© 2026 Rongo University
Contact us: librarian | system librarian | Rongo university